| 000 | 00696nam a2200181 4500 | ||
|---|---|---|---|
| 005 | 20240113131351.0 | ||
| 008 | 231226b2002 |||||||| |||| 00| 0 eng d | ||
| 020 | _a9559078119 | ||
| 082 |
_a303.6 _bINT |
||
| 111 | _aInternational Women's Mission to North East of Sri Lanka, | ||
| 245 |
_aWomen's concerns and the peace process -findings and recommendations: _bInternational Women's Mission to North East of Sri Lanka, 12th to 17th October 2002 |
||
| 260 |
_aNawala: _bInternational Women's Mission to North East of Sri Lanka, _c2002 |
||
| 300 | _a40 p. ; 22 cm | ||
| 650 | _aEthnic conflict -Sri Lanka | ||
| 650 | _aRural women- Sri Lanka | ||
| 650 | _aWomen and war Sri Lanka | ||
| 942 | _cBK | ||
| 999 |
_c4571 _d4571 |
||